Crónicas trujillanas del siglo XVI / (Record no. 50174)
[ view plain ]
| 000 -LEADER | |
|---|---|
| campo de control de longitud fija | 00592nam a2200169 i 4500 |
| 001 - NÚMERO DE CONTROL | |
| campo de control | 50174 |
| 003 - IDENTIFICADOR DE NÚMERO DE CONTROL | |
| campo de control | ES-MaACL |
| 005 - FECHA Y HORA DE LA ÚLTIMA TRANSACCIÓN | |
| campo de control | 20251113184504.0 |
| 007 - CAMPO FIJO DE DESCRIPCIÓN FÍSICA--INFORMACIÓN GENERAL | |
| campo de control de longitud fija | t| |
| 008 - DATOS DE LONGITUD FIJA--INFORMACIÓN GENERAL | |
| campo de control de longitud fija | 030731s1952 sp ||||1| spa d |
| 245 00 - MENCIÓN DEL TÍTULO | |
| Título | Crónicas trujillanas del siglo XVI / |
| Mención de responsabilidad, etc. | Miguel Muñoz de San Pedro. |
| 260 ## - PUBLICACIÓN, DISTRIBUCIÓN, ETC. | |
| Lugar de publicación, distribución, etc. | Cáceres : |
| Nombre del editor, distribuidor, etc. | Publicaciones de la Biblioteca Pública y Archivo Histórico, |
| Fecha de publicación, distribución, etc. | 1952 ( |
| Fabricante | Jomarín) |
| 300 ## - DESCRIPCIÓN FÍSICA | |
| Extensión | XLVII, 337 p., 5 lám. ; |
| Dimensiones | 17 cm. |
| 700 1# - ENTRADA AGREGADA--NOMBRE PERSONAL | |
| Nombre de persona | Muñoz de San Pedro, Miguel, |
| Títulos y otros términos asociados al nombre | Conde de Canilleros |
| 9 (RLIN) | 84394 |
| 852 ## - LOCALIZACIÓN | |
| Ubicación | ES-MaACL |
| Número de control de estantería | D-9217 |
| Sublocalización o colección | R.33288 |
| Estatus retirado | Estado de pérdida | Estado de daño | No para préstamo | Biblioteca de origen | Biblioteca actual | Ubicación en estantería | Fecha de adquisición | Fuente de adquisición | Total de préstamos | Signatura topográfica completa | Código de barras | Visto por última vez | Precio de reemplazo | Tipo de ítem Koha |
|---|---|---|---|---|---|---|---|---|---|---|---|---|---|---|
| Biblioteca del Ateneo de Madrid | Biblioteca del Ateneo de Madrid | Sala Valle Inclán | 17/01/2008 | D-9217 | 901052779 | 23/02/2023 | 23/02/2023 | Libro impreso |
